000 00369nam a22001457a 4500
003 MACL,
005 20191205164555.0
008 191205b xxu||||| |||| 00| 0 eng d
040 _c MACL,
100 _aGowanlock, Theresa
_977462
245 _aTwo Months in The Camp of Big Bear
260 _aDelhi
_bShilpy Pra
_c2019
650 _aStories
_977463
942 _2ddc
_cBK
999 _c61523
_d61523